000 00371 a2200109 4500
001 ART_51147
005 20260410161810.0
008 260409a
245 1 0 _aLa IGJ expande su competencia (¿solo?) registral sobre el contrato de fideicomiso
100 1 _aPapa, Rodolfo G.
773 0 _tDoctrina Societaria y Concursal
_g- N° 394 (sep. 2020)
_wREV4298
999 _c21387
_d21387